| 000 | 00550nam a2200241Ia 4500 | ||
|---|---|---|---|
| 008 | 210210b xxu||||| |||| 00| 0 eng d | ||
| 041 | _aeng | ||
| 082 | _a920/150 | ||
| 100 | _aDUBOIS (ABBE J A) | ||
| 245 | _aDescription of the character, manner and cutoms of the people of India | ||
| 260 |
_a _b- _c |
||
| 650 | _athe | ||
| 650 | _apeople | ||
| 650 | _aof | ||
| 650 | _amanner | ||
| 650 | _aIndia | ||
| 650 | _aDescription | ||
| 650 | _acutoms | ||
| 650 | _acharacter, | ||
| 650 | _aand | ||
| 690 | _aAutobiography | ||
| 906 | _a024892 | ||
| 999 |
_c150525 _d150525 |
||